00538nam a2200145 a 450000100100000000500170001000800410002704000250006808200150009311000770010824500960018525000160028126000750029730000200037200001587720200929164203.0100222s1936 dr 000 0 spa d aDO-SdBNPbspacBNPHU axxxbP967r1 aRepública Dominicana.bSecretaría de Estado de Relaciones Exteriores10aProtocolo de revisión del tratado de fronteras dominico-haitiano del 21 de enero de 1929. aed. oficial aCiudad Trujillo, República Dominicana :bJ. R. Vda. García,c1936. a16 p. ;c24 cm.